000 00202nam a22000977a 4500
999 _c16200
_d16200
003 OSt
008 200623b ||||| |||| 00| 0 eng d
100 _aSree vanful
_94621
245 _aVathayam
942 _cBK